000 00325nam a22001337a 4500
008 170324b xxu||||| |||| 00| 0 eng d
020 _a9780205269051
041 _aeng
080 _212 ED
_a615.83
100 _a8
101 _aSHM
245 _aDYNAMIC PHYSICAL FOR ELEMENTARY SCHOOL CHILDREN
_cPANGRAZI.R
942 _2udc
_cBK
999 _c8635
_d8635